España : de la restauración a la democracia : 1875-1980 / Raymond Carr ; traducción de Ignacio Hierro de la restauración a la democracia :
Descripción Física:
266 p. ; 21 cm
Colección:
Ariel historia
Otros Autores:
Hierro, Ignacio
Materias:
Espanya -- Història -- 1875/1980
MARC
| LEADER | 00000nam a2200000Ia 4500 | ||
|---|---|---|---|
| 001 | 1676 | ||
| 008 | 160829s1983 xx 000 0 cat d | ||
| 080 | |a H-1-164 | ||
| 100 | |a Carr, Raymond |9 28046 | ||
| 245 | |a España : |b de la restauración a la democracia : |b 1875-1980 / Raymond Carr ; traducción de Ignacio Hierro | ||
| 260 | |a Barcelona : |b Ariel, |c 1983 | ||
| 300 | |a 266 p. ; |c 21 cm | ||
| 490 | |a Ariel historia | ||
| 650 | |a Espanya |x Història |x 1875/1980 |9 28047 | ||
| 700 | 1 | |a Hierro, Ignacio |9 28048 | |
| 901 | |a Arxiu | ||
| 942 | |n 1 | ||
| 952 | |0 0 |1 0 |4 0 |6 H1164 |7 1 |9 44645 |a Arxiu |b Arxiu |d 2016-12-01 |l 0 |o H-1-164 |p 1676 |r 2016-12-01 00:00:00 |w 2016-12-01 |y ARXIU | ||
| 999 | |c 47226 |d 47226 | ||